| 000 | 00941nam a22002655i 4500 | ||
|---|---|---|---|
| 001 | 173754 | ||
| 003 | ES-MaACL | ||
| 005 | 20230906215333.0 | ||
| 008 | 100115s2009 sp |||| | spa d | ||
| 020 | _a978-84-9899-116-1 | ||
| 080 | _a32(510)"1949/76"(084) | ||
| 245 | 0 | 3 |
_aLa China de Mao / _cRobert Capa, Henri Cartier-Bresson, Marc Riboud ; [redacción, Vicente Ponce, Joan Soriano]. |
| 260 |
_a[Madrid] : _bPúblico, _c2009. |
||
| 300 |
_a[32] p. : _bprincipalmente fot. ; _c27 cm. |
||
| 490 | 1 |
_aMaestros de la fotografía ; _v17 |
|
| 651 | 4 |
_aChina- _xPolítica y gobierno- _y1949-1976- _vObras ilustradas. _9173422 |
|
| 700 | 1 |
_aCapa, Robert. _934775 |
|
| 700 | 1 |
_aCartier-Bresson, Henri. _935901 |
|
| 700 | 1 |
_aRiboud, Marc. _996843 |
|
| 700 | 1 |
_aPonce, Vicente. _9173428 |
|
| 700 | 1 |
_aSoriano, Joan. _9173429 |
|
| 830 | 1 |
_aMaestros de la fotografía ; _v17 _9189242 |
|
| 852 |
_aES-MaACL _j2284-F-17 |
||
| 999 |
_c173754 _d173754 |
||